000 00470nam a2200193Ia 4500
005 20240823024946.0
008 240823s9999||||xx |||||||||||||| ||und||
020 _a81-7881-231-2
041 _aENGLISH
082 _A332.456 P7
100 _aBoard of Editors
245 0 _aForeign Exchange Management
250 _a1st
260 _c2007
_b"ICA,New Delhi"
500 _aYES
650 _aExchange Management
_bManagement Studies
942 _cBK
999 _c185157
_d185157